Agriculture of Northern Africa / (Record no. 12019)

MARC details
000 -LEADER
fixed length control field 00904cam a22002771a 4500
001 - CONTROL NUMBER
control field agr65000296
003 - CONTROL NUMBER IDENTIFIER
control field DLC
005 - DATE AND TIME OF LATEST TRANSACTION
control field 20260227111024.0
008 - FIXED-LENGTH DATA ELEMENTS--GENERAL INFORMATION
fixed length control field 730808s1965 dcubd bs f000 0 eng
010 ## - LIBRARY OF CONGRESS CONTROL NUMBER
LC control number agr65000296
035 ## - SYSTEM CONTROL NUMBER
System control number (OCoLC)674548
040 ## - CATALOGING SOURCE
Original cataloging agency DLC
Transcribing agency NhD
Modifying agency DNAL
-- DLC
043 ## - GEOGRAPHIC AREA CODE
Geographic area code f------
050 00 - LIBRARY OF CONGRESS CALL NUMBER
Classification number HD2117
Item number .W3
070 0# - NATIONAL AGRICULTURAL LIBRARY CALL NUMBER
Classification number A281.9
Item number Ag83 no.128
100 1# - MAIN ENTRY--PERSONAL NAME
Personal name Warren, Cline J.
Fuller form of name (Cline Jefferson),
Dates associated with a name 1928-
245 10 - TITLE STATEMENT
Title Agriculture of Northern Africa /
Statement of responsibility, etc. [by Cline J. Warren and Carolee Santmyer].
260 ## - PUBLICATION, DISTRIBUTION, ETC.
Place of publication, distribution, etc. Washington, D.C. :
Name of publisher, distributor, etc. U.S. Dept. of Agriculture, Economic Research Service,
Date of publication, distribution, etc. 1965.
300 ## - PHYSICAL DESCRIPTION
Extent v, 56 p. :
Other physical details charts, map ;
Dimensions 26 cm.
440 #0 - SERIES STATEMENT/ADDED ENTRY--TITLE
Title ERS-foreign ;
Volume/sequential designation 128
500 ## - GENERAL NOTE
General note Cover title.
504 ## - BIBLIOGRAPHY, ETC. NOTE
Bibliography, etc. note Bibliography: p. 34.
650 #0 - SUBJECT ADDED ENTRY--TOPICAL TERM
Topical term or geographic name entry element Agriculture
General subdivision Economic aspects
Geographic subdivision Africa.
651 #0 - SUBJECT ADDED ENTRY--GEOGRAPHIC NAME
Geographic name Africa
General subdivision Economic conditions.
700 1# - ADDED ENTRY--PERSONAL NAME
Personal name Santmyer, Carolee,
Dates associated with a name 1936-

No items available.

Powered by Koha